Größte deutsche Städte nach Buchstabe - P - Statistiken

Allgemein
  • Dieses Quiz wurde 13.655 mal gespielt
    6.568 seit der letzten Aktualisierung
  • Das Durchschnittsergebnis liegt bei 5 aus 14
Antwortstatistiken
Land Einwohner Stadt % Korrekt
Brandenburg 187.119 Potsdam
96%
NRW 155.789 Paderborn
68%
Bayern 54.401 Passau
56%
Baden-Württemberg 128.992 Pforzheim
56%
Sachsen 65.218 Plauen
45%
Niedersachsen 51.521 Peine
33%
Rheinland-Pfalz 40.941 Pirmasens
32%
Schleswig-Holstein 44.756 Pinneberg
31%
Sachsen 39.303 Pirna
31%
Niedersachsen 38.841 Papenburg
17%
Bayern 27.143 Pfaffenhofen an der Ilm
16%
NRW 56.214 Pulheim
15%
NRW 36.300 Porta Westfalica
10%
Hessen 25.299 Pfungstadt
9%
Keine übereinstimmenden Quizze gefunden
Verteilung der Resultate
Anzahl Personen mit jedem Resultat
Perzentil nach korrekt beantworteten Fragen
Ihre Resultats-Entwicklung
Sie haben dieses Quiz seit der letzten Aktualisierung nicht gespielt